000 00485nam a2200193 a 4500
001 1773825107289
003 YourLibrary
005 20260318144535.0
008 260318s2009##################000#0#eng##
020 _a9780786438112
082 0 4 _a362.188BEL
100 1 _aBell, Ryan Corbett,
_eauthor.
245 1 0 _aThe Ambulance :
260 _bMcFarland,
_c2009.
300 _a399 pages
650 0 _aTransportation.
942 _cENGLISH
040 _aYourLibrary
_beng
_cYourLibrary
999 _c617854
_d617854